PSYCHOLOGY EXPRESS: DEVELOPMENT PSYCHOLOGY (Record no. 15074)
[ view plain ]
| 000 -LEADER | |
|---|---|
| fixed length control field | 00270nam a22001217a 4500 |
| 003 - CONTROL NUMBER IDENTIFIER | |
| control field | SGT |
| 082 ## - DEWEY DECIMAL CLASSIFICATION NUMBER | |
| Classification number | 150 |
| Item number | P14U |
| 100 ## - MAIN ENTRY--PERSONAL NAME | |
| Personal name | UPTON, PENNEY |
| 245 ## - TITLE STATEMENT | |
| Title | PSYCHOLOGY EXPRESS: DEVELOPMENT PSYCHOLOGY |
| 260 ## - PUBLICATION, DISTRIBUTION, ETC. (IMPRINT) | |
| Place of publication, distribution, etc | INDIA |
| Name of publisher, distributor, etc | PERSON |
| Year of Publication | 2014 |
| 300 ## - PAGE DESCRIPTION | |
| No. of Pages | 260 |
| 942 ## - ADDED ENTRY ELEMENTS (KOHA) | |
| Source of classification or shelving scheme | Dewey Decimal Classification |
| Koha item type | Books |
| Withdrawn status | Lost status | Source of classification or shelving scheme | Damaged status | Not for loan | Collection code | Home library | Current library | Shelving location | Date acquired | Vendor Name | Cost, normal purchase price | SGTU | Bill Number | Total Checkouts | Full call number | Accession No. (Barcode) | Date last seen | Date last borrowed | Bill Date | Koha item type |
|---|---|---|---|---|---|---|---|---|---|---|---|---|---|---|---|---|---|---|---|---|
| Dewey Decimal Classification | MEDICAL | SGT Engineering Library | SGT Engineering Library | Reference Book | 05/02/2018 | ABC | 309.00 | SGTU | 9089 | 10 | 150 P14U | FM10412 | 06/01/2026 | 06/01/2026 | 13/12/2017 | Books | ||||
| Dewey Decimal Classification | MEDICAL | SGT Engineering Library | SGT Engineering Library | Reference Book | 05/02/2018 | ABC | 309.00 | SGTU | 9089 | 8 | 150 P14U | FM10413 | 28/10/2025 | 14/10/2025 | 13/12/2017 | Books | ||||
| Dewey Decimal Classification | MEDICAL | SGT Engineering Library | SGT Engineering Library | Reference Book | 05/02/2018 | ABC | 309.00 | SGTU | 9089 | 13 | 150 P14U | FM10414 | 31/03/2026 | 19/03/2026 | 13/12/2017 | Books | ||||
| Dewey Decimal Classification | Not For Loan | MEDICAL | SGT Engineering Library | SGT Engineering Library | Reference Book | 05/02/2018 | ABC | 309.00 | SGTU | 9089 | 4 | 150 P14U | FM10415 | 10/05/2023 | 03/05/2023 | 13/12/2017 | Books | |||
| Dewey Decimal Classification | MEDICAL | SGT Medical Library | SGT Medical Library | Reference Book | 05/02/2018 | ABC | 309.00 | SGTU | 9089 | 5 | 150 P14U | FM10411 | 30/04/2019 | 17/04/2019 | 13/12/2017 | Books |